000 00617cam a22002291 4500
001 sa 67002638
003 DLC
005 20260227112332.0
008 760206s1966 xx 000 0 eng
010 _asa 67002638
035 _a(OCoLC)1972231
040 _aDLC
_cTNJ
_dDLC
042 _apremarc
050 0 0 _aJQ1611
_b.M8
082 _a320.9/52
100 1 _aMukherjee, Asoke Kumar.
245 1 4 _aThe Japanese political system.
260 _aCalcutta,
_bWorld Press,
_c1966.
300 _avii, 165 p.
_bfold. map.
_c23 cm.
504 _aBibliography: p. 161-162.
651 0 _aJapan
_xPolitics and government.
999 _c73345
_d73345